| 000 | 00692nam a2200193 a 4500 | ||
|---|---|---|---|
| 001 | 000018063 | ||
| 005 | 20200929165334.0 | ||
| 008 | 100413s2001 dr 001 0 spa d | ||
| 020 | _a9993433209 | ||
| 040 |
_aDO-SdBNP _bspa _cBNPHU |
||
| 082 |
_a324.63 _bM533p |
||
| 245 | 1 | 0 |
_aMemoria del pacto de ética electoral : _buna propuesta desde la sociedad civil / _cpresentación Juan Bolívar Díaz. |
| 260 |
_aSanto Domingo : _bParticipación Ciudadana, _c2001. _fMediabyte |
||
| 300 |
_a103 p. : _bil., retrs. ; _c22 cm. |
||
| 500 | _aElecciones presidenciales mayo 2000 | ||
| 650 | 4 |
_aElecciones _xEtica _zRepública Dominicana _939152 |
|
| 700 | 1 |
_aDíaz, Juan Bolívar _938361 |
|
| 049 | _aBNPD | ||
| 999 |
_c17585 _d17585 |
||